01733 2200613 4500001002100000005001500021035002000036007000300056008004100059020002200100040002200122082001400144084001600158090001900174090002000193090002200213090002200235100002900257245008500286250002100371250002600392250002700418300002500445500001100470650003500481700002900516850001200545504003300557264003900590264003900629264003900668336002100707337003000728338002300758999002200781999002200803990002200825990001600847990001600863990001600879990001600895990001600911990001600927990001600943990001600959990001600975990001600991990001601007990001601023990002201039990001801061990002001079990002001099INLIS00000000085118120190925023556 a0010-0919000454ta190925s2017 yoi gr 1 ind d a978-979-25-4812-9 aYOPDYOGbinderda04223a302.2 a302.2 NUR p aPK 302.2 NUR p aDEP 302.2 NUR p aCB-D.11 2016-2347 aCB-D.11 2010-11690 aNurani Soyomuktiepenuls10aPengantar ilmu komunikasi /cpenulis, Nurani Soyomukti; penyunting, Meita Sandra aCetakan II, 2017 aCetakan pertama, 2010 aCetakaan keempat, 2016 a379 halaman ;c20 cm aIndeks 4aKomunikasi--xInformasi, teori0 aMeita Sandraepenyunting aYOPDYOG aBibliografi: halaman 353-36531aYogyakarta :bAr-Ruzz Media,c201731aYogyakarta :bAr-Ruzz Media,c201631aYogyakarta :bAr-Ruzz Media,c2010 2rdacontentateks 2rdamediaatanpa perantara 2rdacarrieravolume aCB-D.11/2016-2347 aCB-D.11/2010-1169 aCB-D.11/2010-1169 a431-PK/B.12 a432-PK/B.12 a431-PK/B.12 a432-PK/B.12 a433-PK/B.12 a434-PK/B.12 a435-PK/B.12 a436-PK/B.12 a437-PK/B.12 a438-PK/B.12 a439-PK/B.12 a440-PK/B.12 aCB-D.11/2016-2347 a55910-PD/A.17 a41212-PD/B.2019 a41213-PD/B.2019